Zarzadzanie marketingiem strategia rynku dóbr i uslug przemyslowych

Salvato in:
Dettagli Bibliografici
Autore principale: Hutt, Michael D.
Altri autori: Speh, Thomas W., Rusinski, Michal
Natura: Libro
Lingua:polacco
Pubblicazione: Warszawa Wydawnictwo Naukowe PWN 1997
Serie:Przedsiebiorczosc
Soggetti:
Tags: Aggiungi Tag
Nessun Tag, puoi essere il primo ad aggiungerne!!

MARC

LEADER 00000nam a2200000 4500
001 c122047
005 20230220124246.3
020 |a 83-01-12266-8 
041 0 |a pol 
044 |a PL 
245 1 0 |a Zarzadzanie marketingiem  |b strategia rynku dóbr i uslug przemyslowych  |c Michael D. Hutt, Thomas W. Speh ; Przeklad: Michal Rusinski 
264 1 |a Warszawa  |b Wydawnictwo Naukowe PWN  |c 1997 
300 |a 803 s. 
490 1 |a Przedsiebiorczosc 
830 0 |a Przedsiebiorczosc 
610 2 0 |a marketing 
610 2 0 |a riadenie 
610 2 0 |a trh 
610 2 0 |a tovar 
610 2 0 |a služby 
610 2 0 |a priemysel 
610 2 0 |a nákup 
610 2 0 |a stratégia marketingová 
610 2 0 |a oceňovanie 
610 2 0 |a kontrola 
100 1 |a Hutt, Michael D. 
700 1 |a Speh, Thomas W. 
700 1 |a Rusinski, Michal